| Registos Bibliográficos associados ao registo de autoridade |
|
Etiqueta de registo: 00000nam 2200025 450 001 2273888 003 http://id.bnportugal.gov.pt/bib/catbnp/2273888 100 ## $a20260302d2023 k y0pory01030103ba 101 0# $aeng$dpor 102 ## $aPT 105 ## $aa m 000yy 106 ## $ar 200 1# $aSmart Power Conditioners for Electric Railway Power Grids$fLuís André Magalhães de Barros$gsupervison of José Gabriel Oliveira Pinto, António José de Pina Martins 210 #9 $a[S.l.$cs.n.],$d2023 215 ## $aXXIX, 402 p.$d30 cm 328 #1 $aTese dout. Electronics and Computers Engineering (Power Electronics and Energy), Escola
de Engenharia, Universidade do Minho, 2023 675 ## $a621.33(043)$vBN$zpor$31245397 675 ## $a621.31(043)$vBN$zpor$3341272 700 #1 $aBarros,$bLuís André Magalhães de$31988109 702 #1 $aPinto,$bJosé Gabriel Oliveira$4727$31555551 702 #1 $aMartins,$bAntónio Pina$4727$31300154 801 #0 $aPT$bBN$gRPC 856 40 $2Cópia digital disponível no RepositóriUM - Universidade do Minho$uhttps://hdl.handle.net/1822/85597 966 ## $lBN$mFGMON$sS.A. 193629 V.$x1 971 ## $corlando$d20260302 972 ## $e0$z0$d20260422$vlrevez 973 ## $ctrodrigues$d20260417
|
|
|